000
00221nam a22000977a 4500
082
_a
662.6 SIM'S
100
_a
SIMNS
_9
59371
245
_a
SERVICE INSTRUCTIONS AND INJECTION
260
_a
LONDON
_b
SIMONS
_c
1962
942
_c
BK
999
_c
569375
_d
569375